- Recreaciones matemáticas
Entry Materia
Number of records used in: 111
001 - NÚMERO DE CONTROL DEL REGISTRO
- campo de control: 6050
003 - IDENTIFICADOR DE NUMERO DE CONTROL
- campo de control: UPN
005 - FECHA Y HORA DE LA ÚLTIMA TRANSACCIÓN
- campo de control: 20220817114320.0
008 - DATOS DE LONGITUD FIJA
- campo de control de longitud fija: 220817nn acannaabn n ana d
035 ## - NÚMERO DE CONTROL DEL SISTEMA
- Número de control del sistema: UPN10000006051
040 ## - FUENTE DE LA CATALOGACIÓN
- Lengua de catalogación: SPA
- Agencia de transcripción: UPN
- Centro catalogador de origen: UPN
046 ## - FECHAS CON CODIFICACIÓN ESPECIAL
- Fecha final para contenidos agregados: 2022
053 #4 - NÚMERO CLASIFICADOR - BIBLIOTECA DEL CONGRESO (LC)
- Elemento numérico de la clasificación - Número único o no. inicial del rango: QA95
150 ## - ENCABEZAMIENTO - TEMÁTICO
- Término de materia o nombre geográfico como elemento inicial: Recreaciones matemáticas
450 ## - VÉASE - MATERIA
- Encabezamiento temático: Matemáticas recreativas
450 ## - VÉASE - MATERIA
- Encabezamiento temático: Pasatiempos matemáticos
450 ## - VÉASE - MATERIA
- Encabezamiento temático: Juegos con números
450 ## - VÉASE - MATERIA
- Encabezamiento temático: Números, Juego de
670 ## - FUENTE EN LA QUE SE LOCALIZARON DATOS
- Cita de la fuente: E/P
902 ## - CATALOGADOR
- Catalogador: CAA/141096
